Literary constructs of the self (Record no. 2255)

MARC details
000 -LEADER
fixed length control field 00510 a2200181 4500
001 - CONTROL NUMBER
control field 068599
003 - CONTROL NUMBER IDENTIFIER
control field OSt
005 - DATE AND TIME OF LATEST TRANSACTION
control field 20220308120254.0
008 - FIXED-LENGTH DATA ELEMENTS--GENERAL INFORMATION
fixed length control field
082 ## - DEWEY DECIMAL CLASSIFICATION NUMBER
Classification number 820.9
Item number L71L
245 1# - TITLE STATEMENT
Title Literary constructs of the self
Statement of responsibility, etc edited by Santosh Gupta and Mini Nanda
260 ## - PUBLICATION, DISTRIBUTION, ETC. (IMPRINT)
Place of publication, distribution, etc Jaipur
Name of publisher, distributor, etc Rawat Publication
Date of publication, distribution, etc 2010
300 ## - PHYSICAL DESCRIPTION
Extent 232p.
690 ## - LOCAL SUBJECT ADDED ENTRY--TOPICAL TERM (OCLC, RLIN)
Topical term or geographic name as entry element Literature, Modern; Self in literature
700 ## - ADDED ENTRY--PERSONAL NAME
Personal name Gupta, Santosh
Relator term Editor
700 ## - ADDED ENTRY--PERSONAL NAME
Personal name Nanda, Mini
Relator term Editor
942 ## - ADDED ENTRY ELEMENTS (KOHA)
Source of classification or shelving scheme Dewey Decimal Classification
Koha item type Books
Holdings
Withdrawn status Lost status Source of classification or shelving scheme Damaged status Not for loan Collection code Home library Current library Date acquired Source of acquisition Cost, normal purchase price Total Checkouts Full call number Barcode Date last seen Price effective from Koha item type
    Dewey Decimal Classification     General Text Book Central University Of Rajasthan Central University Of Rajasthan 07/03/2012 ENG 650.00   820.9 L71L 2886 21/11/2024 02/09/2020 Books